[Event "Mittelfranken-chTB2a 1819"]
[Site "Mittelfranken"]
[Date "2019.04.28"]
[Round "9.4"]
[White "Schoenberger, Andreas"]
[Black "Lais, Thomas"]
[Result "1/2-1/2"]
[WhiteElo "1732"]
[BlackElo "1903"]
[PlyCount "31"]
[EventDate "2018.10.14"]
[EventType "team-tourn"]
[EventRounds "9"]
[EventCountry "GER"]
[SourceTitle "EXT 2022"]
[Source "ChessBase"]
[SourceDate "2021.10.06"]
[SourceVersion "1"]
[SourceVersionDate "2021.10.06"]
[SourceQuality "1"]
[WhiteTeam "Buechenbach/Roth II"]
[BlackTeam "Nuernberg Sued SW IV"]
[WhiteTeamCountry "GER"]
[BlackTeamCountry "GER"]

1. e4 c5 2. Nf3 d6 3. d4 cxd4 4. Nxd4 Nf6 5. Nc3 a6 6. Be2 e5 7. Nb3 Be7 8. Bg5 Be6 9. Bxf6 Bxf6 10. Nd5 Bg5 11. Bg4 0-0 12. 0-0 Nc6 13. f4 exf4 14. Nxf4 Qe7 15. Nd5 Bxd5 16. Qxd5 1/2-1/2

[Event "Mittelfranken-chTB2a 1819"]
[Site "Mittelfranken"]
[Date "2019.02.10"]
[Round "5.8"]
[White "Ross, Sandra"]
[Black "Lais, Thomas"]
[Result "1/2-1/2"]
[WhiteElo "1721"]
[BlackElo "1903"]
[PlyCount "50"]
[EventDate "2018.10.14"]
[EventType "team-tourn"]
[EventRounds "9"]
[EventCountry "GER"]
[SourceTitle "EXT 2022"]
[Source "ChessBase"]
[SourceDate "2021.10.06"]
[SourceVersion "1"]
[SourceVersionDate "2021.10.06"]
[SourceQuality "1"]
[WhiteTeam "Jaecklechemie SC"]
[BlackTeam "Nuernberg Sued SW IV"]
[WhiteTeamCountry "GER"]
[BlackTeamCountry "GER"]

1. e4 c5 2. Nc3 d6 3. g3 Nc6 4. Bg2 g6 5. d3 Bg7 6. f4 e6 7. Nf3 Nge7 8. 0-0 0-0 9. Be3 Nd4 10. e5 Nef5 11. Bf2 Nxf3+ 12. Qxf3 Nd4 13. Qd1 d5 14. Na4 b6 15. b4 Bd7 16. c3 Bxa4 17. Qxa4 Ne2+ 18. Kh1 Nxc3 19. Qa3 Nb5 20. Qa4 Nd4 21. bxc5 bxc5 22. Bxd4 cxd4 23. Qxd4 f6 24. Rac1 fxe5 25. fxe5 Qb6 1/2-1/2

[Event "Regionalliga NO 1516"]
[Site "Bayern"]
[Date "2016.03.13"]
[Round "8.6"]
[White "Lais, Thomas"]
[Black "Boese, Christina"]
[Result "1-0"]
[WhiteElo "1911"]
[BlackElo "1433"]
[PlyCount "37"]
[EventDate "2015.10.11"]
[EventType "team-tourn"]
[EventRounds "9"]
[EventCountry "GER"]
[SourceTitle "EXT 2018"]
[Source "ChessBase"]
[SourceDate "2017.10.13"]
[SourceVersion "1"]
[SourceVersionDate "2017.10.13"]
[SourceQuality "1"]
[WhiteTeam "Nuernberg Sued SW II"]
[BlackTeam "Bechhofen"]
[WhiteTeamCountry "GER"]
[BlackTeamCountry "GER"]

1. e4 c6 2. d4 d5 3. exd5 cxd5 4. c4 Nc6 5. Nf3 Bg4 6. cxd5 Qxd5 7. Be2 e6 8. 0-0 Rd8 9. Be3 Nf6 10. h3 Bxf3 11. Bxf3 Qd7 12. Qb3 b6 13. Nc3 Be7 14. Rac1 Na5 15. Qb5 0-0 16. Qa6 Bd6 17. Nb5 Bb8 18. b4 Nd5 19. Bxd5 1-0

[Event "Regionalliga NO 1516"]
[Site "Bayern"]
[Date "2016.02.21"]
[Round "7.5"]
[White "Lais, Thomas"]
[Black "Kalous, Miroslav"]
[Result "1/2-1/2"]
[WhiteElo "1911"]
[BlackElo "1966"]
[PlyCount "21"]
[EventDate "2015.10.11"]
[EventType "team-tourn"]
[EventRounds "9"]
[EventCountry "GER"]
[SourceTitle "EXT 2018"]
[Source "ChessBase"]
[SourceDate "2017.10.13"]
[SourceVersion "1"]
[SourceVersionDate "2017.10.13"]
[SourceQuality "1"]
[WhiteTeam "Nuernberg Sued SW II"]
[BlackTeam "Windischeschenbach"]
[WhiteTeamCountry "GER"]
[BlackTeamCountry "GER"]

1. e4 e6 2. d4 d5 3. Nc3 Bb4 4. Nge2 dxe4 5. a3 Be7 6. Nxe4 Nf6 7. Qd3 Nbd7 8. N2g3 Nxe4 9. Nxe4 Nf6 10. Bf4 Nd5 11. Bg3 1/2-1/2

[Event "Regionalliga NO 1516"]
[Site "Bayern"]
[Date "2016.01.31"]
[Round "6.4"]
[White "Lais, Thomas"]
[Black "Wallinger, Manfred"]
[Result "1/2-1/2"]
[WhiteElo "1911"]
[BlackElo "2051"]
[PlyCount "25"]
[EventDate "2015.10.11"]
[EventType "team-tourn"]
[EventRounds "9"]
[EventCountry "GER"]
[SourceTitle "EXT 2018"]
[Source "ChessBase"]
[SourceDate "2017.10.13"]
[SourceVersion "1"]
[SourceVersionDate "2017.10.13"]
[SourceQuality "1"]
[WhiteTeam "Nuernberg Sued SW II"]
[BlackTeam "Altensittenbach"]
[WhiteTeamCountry "GER"]
[BlackTeamCountry "GER"]

1. e4 d5 2. exd5 Qxd5 3. Nc3 Qd6 4. d4 Nf6 5. Nf3 a6 6. g3 g6 7. Bg2 Bg7 8. 0-0 0-0 9. Bf4 Qd8 10. Qd2 Nbd7 11. Rad1 Rb8 12. Rfe1 Re8 13. h3 1/2-1/2

[Event "Regionalliga NO 1516"]
[Site "Bayern"]
[Date "2015.11.15"]
[Round "3.5"]
[White "Tassell, Pierre"]
[Black "Lais, Thomas"]
[Result "1/2-1/2"]
[WhiteElo "2008"]
[BlackElo "1911"]
[PlyCount "26"]
[EventDate "2015.10.11"]
[EventType "team-tourn"]
[EventRounds "9"]
[EventCountry "GER"]
[SourceTitle "EXT 2018"]
[Source "ChessBase"]
[SourceDate "2017.10.13"]
[SourceVersion "1"]
[SourceVersionDate "2017.10.13"]
[SourceQuality "1"]
[WhiteTeam "Regensburg Bavaria"]
[BlackTeam "Nuernberg Sued SW II"]
[WhiteTeamCountry "GER"]
[BlackTeamCountry "GER"]

1. d4 Nf6 2. c4 g6 3. Nc3 d5 4. Nf3 Bg7 5. Qb3 dxc4 6. Qxc4 0-0 7. e4 a6 8. Be2 b5 9. Qb3 c5 10. dxc5 Bb7 11. 0-0 Nbd7 12. Rd1 Qc7 13. Be3 Nxc5 1/2-1/2

[Event "Regionalliga NO 1516"]
[Site "Bayern"]
[Date "2015.10.11"]
[Round "1.6"]
[White "Lais, Thomas"]
[Black "Simon, Guenther"]
[Result "0-1"]
[WhiteElo "1911"]
[BlackElo "1884"]
[PlyCount "74"]
[EventDate "2015.10.11"]
[EventType "team-tourn"]
[EventRounds "9"]
[EventCountry "GER"]
[SourceTitle "EXT 2018"]
[Source "ChessBase"]
[SourceDate "2017.10.13"]
[SourceVersion "1"]
[SourceVersionDate "2017.10.13"]
[SourceQuality "1"]
[WhiteTeam "Nuernberg Sued SW II"]
[BlackTeam "Regensburg Turnerschaft"]
[WhiteTeamCountry "GER"]
[BlackTeamCountry "GER"]

1. e4 e6 2. d4 d5 3. Nc3 Bb4 4. Nge2 Ne7 5. a3 Bxc3+ 6. Nxc3 b6 7. Bg5 Bb7 8. exd5 exd5 9. Bd3 f6 10. Bh4 Ng6 11. Qh5 Qe7+ 12. Kd2 Qf7 13. Rae1+ Kf8 14. Nxd5 Nxh4 15. Qxf7+ Kxf7 16. Re7+ Kf8 17. Rhe1 Na6 18. Nf4 Bxg2 19. Nxg2 Nf3+ 20. Kd1 Nxe1 21. Rxe1 Nb8 22. Nf4 a6 23. Ne6+ Kf7 24. Nxc7 Ra7 25. Bc4+ Kg6 26. Ne6 Nc6 27. Rg1+ Kh6 28. c3 b5 29. Ba2 Re8 30. Rg3 g5 31. Rh3+ Kg6 32. Bb1+ f5 33. d5 Rd7 34. Rd3 Ne5 35. Rd2 Nc4 36. Nc5 Rde7 37. Rd4 Re1+ 0-1

[Event "Nuremberg Zabo op 17th"]
[Site "Nuremberg"]
[Date "2015.09.21"]
[Round "5"]
[White "Hummel, Thomas1111"]
[Black "Lais, Thomas"]
[Result "1/2-1/2"]
[WhiteElo "1725"]
[BlackElo "1924"]
[PlyCount "106"]
[EventDate "2015.09.21"]
[EventType "swiss"]
[EventRounds "5"]
[EventCountry "GER"]
[SourceTitle "EXT 2018"]
[Source "ChessBase"]
[SourceDate "2017.10.13"]
[SourceVersion "1"]
[SourceVersionDate "2017.10.13"]
[SourceQuality "1"]

1. b3 e5 2. Bb2 d6 3. e3 Nf6 4. c4 Be7 5. Nf3 e4 6. Nd4 c5 7. Ne2 0-0 8. Nbc3 Nc6 9. a3 Bg4 10. Qc2 Bf5 11. Ng3 Bg6 12. Ngxe4 Nxe4 13. Nxe4 f5 14. Nc3 Bf6 15. f4 Qd7 16. Be2 Rfe8 17. 0-0 Kh8 18. Bf3 Rad8 19. Nd5 Bxb2 20. Qxb2 Bf7 21. Nc3 Bg6 22. g3 Re7 23. Kg2 Ree8 24. Rad1 Qf7 25. Bd5 Qf6 26. b4 Qe7 27. b5 Nb8 28. Rde1 Qc7 29. h3 Nd7 30. Bf3 Nf8 31. Nd5 Qb8 32. h4 h6 33. a4 Qc8 34. a5 Nd7 35. b6 a6 36. Nc7 Re7 37. Bd5 Nf6 38. Bf3 Rf7 39. h5 Bxh5 40. Bxh5 Nxh5 41. Rh1 Nf6 42. d3 Kg8 43. e4 Qd7 44. e5 Qc6+ 45. Kh3 dxe5 46. fxe5 Rxd3 47. exf6 Qf3 48. Rhg1 Qh5+ 49. Kg2 f4 50. Re8+ Kh7 51. Qc2 Qf3+ 52. Kh3 Qh5+ 53. Kg2 Qf3+ 1/2-1/2

[Event "Nuremberg Zabo op 17th"]
[Site "Nuremberg"]
[Date "2015.09.21"]
[Round "1"]
[White "Mantel, Hans"]
[Black "Lais, Thomas"]
[Result "0-1"]
[WhiteElo "1440"]
[BlackElo "1924"]
[PlyCount "52"]
[EventDate "2015.09.21"]
[EventType "swiss"]
[EventRounds "5"]
[EventCountry "GER"]
[SourceTitle "EXT 2018"]
[Source "ChessBase"]
[SourceDate "2017.10.13"]
[SourceVersion "1"]
[SourceVersionDate "2017.10.13"]
[SourceQuality "1"]

1. e4 c5 2. Nc3 d6 3. g3 Nc6 4. Bg2 g6 5. d3 Bg7 6. Be3 e6 7. f4 Nge7 8. Nf3 Nd4 9. 0-0 0-0 10. Rb1 Nec6 11. Ne2 Rb8 12. Nexd4 cxd4 13. Bd2 Bd7 14. Nh4 Ne7 15. Bh3 f5 16. exf5 exf5 17. Bb4 Qb6 18. Ba3 Nd5 19. Ng2 Rfe8 20. Re1 Rxe1+ 21. Qxe1 Re8 22. Qd2 Ne3 23. Re1 d5 24. Kf2 Qc6 25. Nxe3 dxe3+ 26. Rxe3 Bd4 0-1

[Event "Mittelfranken-chTB2a 1415"]
[Site "Mittelfranken"]
[Date "2015.04.19"]
[Round "9.2"]
[White "Lais, Thomas"]
[Black "Hofer, Stefan1111"]
[Result "1-0"]
[WhiteElo "1911"]
[BlackElo "1870"]
[PlyCount "129"]
[EventDate "2014.09.28"]
[EventType "team-tourn"]
[EventRounds "9"]
[EventCountry "GER"]
[SourceTitle "EXT 2020"]
[Source "ChessBase"]
[SourceDate "2019.10.17"]
[SourceVersion "1"]
[SourceVersionDate "2019.10.17"]
[SourceQuality "1"]
[WhiteTeam "Nuernberg Sued SW IV"]
[BlackTeam "Cadolzburg"]
[WhiteTeamCountry "GER"]
[BlackTeamCountry "GER"]

1. e4 e6 2. d4 d5 3. Nc3 Nc6 4. Nf3 Nf6 5. Bg5 Be7 6. e5 Ne4 7. Bxe7 Qxe7 8. a3 f6 9. Bb5 Bd7 10. Bxc6 Bxc6 11. Qe2 0-0-0 12. 0-0 f5 13. Ne1 g5 14. Nd3 Nxc3 15. bxc3 Bb5 16. Rfb1 Bxd3 17. Qxd3 c5 18. dxc5 Qxc5 19. Rb4 h5 20. Rab1 Rh7 21. a4 Rc7 22. R1b3 d4 23. Rb5 Qc4 24. Rxb7 Qxd3 25. Rxc7+ Kxc7 26. cxd3 dxc3 27. Rxc3+ Kb6 28. Kf1 Rd5 29. Rb3+ Kc5 30. Rb7 a6 31. Ke2 Kd4 32. Rb6 Rxe5+ 33. Kd2 Ra5 34. Rb4+ Kd5 35. Kc3 Rc5+ 36. Rc4 e5 37. Kb4 a5+ 38. Kc3 e4 39. dxe4+ fxe4 40. Rxc5+ Kxc5 41. f3 e3 42. Kd3 Kb4 43. h4 gxh4 44. f4 e2 45. Kxe2 Kc4 46. Ke3 Kd5 47. Kd3 Ke6 48. Ke4 Kf6 49. f5 Kf7 50. Ke5 Ke7 51. f6+ Ke8 52. Kf5 Kf8 53. Kg6 h3 54. gxh3 h4 55. Kg5 Kf7 56. Kxh4 Kxf6 57. Kg4 Kg6 58. Kf4 Kh5 59. Ke5 Kh4 60. Kd5 Kxh3 61. Kc5 Kg4 62. Kb5 Kf5 63. Kxa5 Ke6 64. Kb6 Kd7 65. Kb7 1-0

[Event "Mittelfranken-ch QT"]
[Site "Nuremberg"]
[Date "2015.04.02"]
[Round "4"]
[White "Lais, Thomas"]
[Black "Diller, Andreas"]
[Result "1-0"]
[WhiteElo "1936"]
[BlackElo "1572"]
[PlyCount "51"]
[EventDate "2015.04.01"]
[EventType "swiss"]
[EventRounds "7"]
[EventCountry "GER"]
[SourceTitle "CBM 166 Extra"]
[Source "ChessBase"]
[SourceDate "2015.06.18"]
[SourceVersion "1"]
[SourceVersionDate "2015.06.18"]
[SourceQuality "1"]

1. e4 e6 2. d4 d5 3. Nc3 Nf6 4. Bg5 Be7 5. e5 Nfd7 6. h4 c5 7. Bxe7 Qxe7 8. Nb5 0-0 9. Nc7 cxd4 10. Nf3 Qb4+ 11. Qd2 Qxb2 12. Rd1 Nc6 13. Nxa8 d3 14. cxd3 Qa3 15. d4 f6 16. Nc7 fxe5 17. Nb5 Qe7 18. dxe5 Nc5 19. Bd3 Nb4 20. Bb1 Bd7 21. Nbd4 Ne4 22. Qb2 Ba4 23. Rc1 Nc5 24. Qe2 Qc7 25. 0-0 Qb6 26. Rc3 1-0

[Event "Mittelfranken-chTB2a 1415"]
[Site "Mittelfranken"]
[Date "2015.02.08"]
[Round "6.2"]
[White "Mueller, Maximilian"]
[Black "Lais, Thomas"]
[Result "1/2-1/2"]
[WhiteElo "1833"]
[BlackElo "1911"]
[PlyCount "40"]
[EventDate "2014.09.28"]
[EventType "team-tourn"]
[EventRounds "9"]
[EventCountry "GER"]
[SourceTitle "EXT 2020"]
[Source "ChessBase"]
[SourceDate "2019.10.17"]
[SourceVersion "1"]
[SourceVersionDate "2019.10.17"]
[SourceQuality "1"]
[WhiteTeam "Buechenbach/Roth II"]
[BlackTeam "Nuernberg Sued SW IV"]
[WhiteTeamCountry "GER"]
[BlackTeamCountry "GER"]

1. e4 c5 2. Nf3 d6 3. Nc3 a6 4. d4 cxd4 5. Nxd4 Nf6 6. Be2 e5 7. Nb3 Be7 8. Be3 0-0 9. f4 exf4 10. Bxf4 Nc6 11. Qd2 b5 12. Bf3 Ne5 13. Bxe5 dxe5 14. 0-0-0 Qxd2+ 15. Rxd2 Be6 16. Kb1 Bb4 17. Rhd1 Rac8 18. Rd3 Bc4 19. Re3 Rfd8 20. Nd5 Bxd5 1/2-1/2

[Event "Mittelfranken-chTB2a 1415"]
[Site "Mittelfranken"]
[Date "2015.01.25"]
[Round "5.2"]
[White "Lais, Thomas"]
[Black "Mueller, Norbert"]
[Result "1-0"]
[WhiteElo "1911"]
[BlackElo "1991"]
[PlyCount "81"]
[EventDate "2014.09.28"]
[EventType "team-tourn"]
[EventRounds "9"]
[EventCountry "GER"]
[SourceTitle "EXT 2020"]
[Source "ChessBase"]
[SourceDate "2019.10.17"]
[SourceVersion "1"]
[SourceVersionDate "2019.10.17"]
[SourceQuality "1"]
[WhiteTeam "Nuernberg Sued SW IV"]
[BlackTeam "Bad Windsheim/Ansbach"]
[WhiteTeamCountry "GER"]
[BlackTeamCountry "GER"]

1. e4 e5 2. Nf3 Qe7 3. Nc3 c6 4. d4 d6 5. Be2 h6 6. Be3 Nf6 7. dxe5 dxe5 8. h3 Qc7 9. Qd2 Bb4 10. Bd3 Be6 11. a3 Be7 12. 0-0-0 Nbd7 13. Kb1 a6 14. Qe2 b5 15. Na2 a5 16. Nd2 Rb8 17. g3 Qb7 18. f4 b4 19. Ba6 Qa8 20. a4 Nc5 21. Bxc5 Bxc5 22. Bc4 Bc8 23. fxe5 Nd7 24. e6 fxe6 25. Bxe6 Ke7 26. Bb3 Ba6 27. Qg4 Bd4 28. Qe6+ Kd8 29. Nf3 c5 30. Nxd4 cxd4 31. Rxd4 Qa7 32. Rhd1 Bc8 33. Qg6 Re8 34. Qxg7 Rb6 35. e5 Re7 36. Qg8+ Kc7 37. Rc4+ Rc6 38. Rxc6+ Kxc6 39. Qxc8+ Qc7 40. Qxc7+ Kxc7 41. e6 1-0

[Event "Mittelfranken-chTB2a 1415"]
[Site "Mittelfranken"]
[Date "2014.11.16"]
[Round "3.2"]
[White "Suess, Helmut"]
[Black "Lais, Thomas"]
[Result "1/2-1/2"]
[WhiteElo "1798"]
[BlackElo "1911"]
[PlyCount "50"]
[EventDate "2014.09.28"]
[EventType "team-tourn"]
[EventRounds "9"]
[EventCountry "GER"]
[SourceTitle "EXT 2020"]
[Source "ChessBase"]
[SourceDate "2019.10.17"]
[SourceVersion "1"]
[SourceVersionDate "2019.10.17"]
[SourceQuality "1"]
[WhiteTeam "Nuernberg NT V"]
[BlackTeam "Nuernberg Sued SW IV"]
[WhiteTeamCountry "GER"]
[BlackTeamCountry "GER"]

1. Nf3 Nf6 2. c4 g6 3. b4 Bg7 4. Bb2 0-0 5. g3 c6 6. Bg2 d5 7. cxd5 cxd5 8. 0-0 a5 9. b5 a4 10. Na3 Qd6 11. d3 Bg4 12. Qd2 Nbd7 13. Rac1 Rfc8 14. h3 Bxf3 15. Bxf3 Nb6 16. Rxc8+ Rxc8 17. Rc1 Rxc1+ 18. Qxc1 Nfd7 19. Bxg7 Kxg7 20. Qb2+ f6 21. e3 Ne5 22. Be2 Nf7 23. Qc3 Ne5 24. f4 Ned7 25. d4 e5 1/2-1/2

[Event "Forchheim op-B 13th"]
[Site "Forchheim"]
[Date "2014.10.05"]
[Round "5"]
[White "Lais, Thomas"]
[Black "Mantel, Ruben"]
[Result "1-0"]
[WhiteElo "1962"]
[BlackElo "1659"]
[PlyCount "48"]
[EventDate "2014.10.03"]
[EventType "swiss"]
[EventRounds "5"]
[EventCountry "GER"]
[SourceTitle "EXT 2019"]
[Source "ChessBase"]
[SourceDate "2018.10.10"]
[SourceVersion "1"]
[SourceVersionDate "2018.10.10"]
[SourceQuality "1"]

1. e4 c5 2. Nf3 Nc6 3. d4 cxd4 4. Nxd4 Nf6 5. Nc3 e5 6. Ndb5 d6 7. Bg5 a6 8. Na3 b5 9. Bxf6 gxf6 10. Nd5 f5 11. c3 Be6 12. exf5 Bxf5 13. Qf3 Bd7 14. Nf6+ Ke7 15. Bd3 Bg7 16. Nd5+ Kf8 17. 0-0 Kg8 18. Nc2 h5 19. Nce3 Qg5 20. Bf5 Be6 21. Bxe6 fxe6 22. Nc7 Rc8 23. Qxc6 Qe7 24. Ned5 Qf8 1-0

[Event "Nuremberg Zabo op 16th"]
[Site "Nuremberg"]
[Date "2014.09.19"]
[Round "1"]
[White "Hofmann, Lorenz"]
[Black "Lais, Thomas"]
[Result "0-1"]
[WhiteElo "1472"]
[BlackElo "1897"]
[PlyCount "64"]
[EventDate "2014.09.19"]
[EventType "swiss"]
[EventRounds "5"]
[EventCountry "GER"]
[SourceTitle "EXT 2018"]
[Source "ChessBase"]
[SourceDate "2017.10.13"]
[SourceVersion "1"]
[SourceVersionDate "2017.10.13"]
[SourceQuality "1"]

1. e4 c5 2. Nf3 d6 3. d4 cxd4 4. Nxd4 Nf6 5. Nc3 a6 6. Bc4 e6 7. Be3 Be7 8. 0-0 0-0 9. Qf3 Qc7 10. Be2 b5 11. Qg3 Bb7 12. Bh6 Ne8 13. a3 Nd7 14. Bd3 Nc5 15. Rfe1 Rc8 16. Ncxb5 axb5 17. Bxb5 Nd7 18. c3 Kh8 19. Bd2 Nef6 20. Bd3 Nc5 21. Qf3 Nfd7 22. Bc2 Nf6 23. Qh3 Bxe4 24. Qe3 Bxc2 25. Nxc2 Nb3 26. Rad1 d5 27. Nd4 Nxd2 28. Qxd2 Ne4 29. Qe2 Bf6 30. Qg4 Qb6 31. Re2 Bxd4 32. Rxd4 Qxd4 0-1

[Event "Pyramiden Franken Cup"]
[Site "Fuerth"]
[Date "2014.09.07"]
[Round "7"]
[White "Lais, Thomas"]
[Black "Thieme Garmann, Alexander"]
[Result "0-1"]
[WhiteElo "1962"]
[BlackElo "2070"]
[PlyCount "40"]
[EventDate "2014.09.04"]
[EventType "swiss"]
[EventRounds "7"]
[EventCountry "GER"]
[SourceTitle "CBM 162 Extra"]
[Source "ChessBase"]
[SourceDate "2014.10.17"]
[SourceVersion "1"]
[SourceVersionDate "2014.10.17"]
[SourceQuality "1"]

1. e4 e6 2. d4 d5 3. Nc3 Bb4 4. Nge2 dxe4 5. a3 Bxc3+ 6. Nxc3 Nc6 7. Bb5 Nge7 8. Nxe4 Qd5 9. Qd3 Bd7 10. 0-0 0-0-0 11. Be3 Be8 12. Rfd1 Qf5 13. Ng3 Qxd3 14. Rxd3 h5 15. Rad1 h4 16. Ne4 h3 17. g4 Nd5 18. Bxc6 Bxc6 19. f3 Bb5 20. Rb3 Ba4 0-1

[Event "Pyramiden Franken Cup"]
[Site "Fuerth"]
[Date "2014.09.05"]
[Round "3"]
[White "Lais, Thomas"]
[Black "Walter, Florian"]
[Result "0-1"]
[WhiteElo "1962"]
[BlackElo "2122"]
[PlyCount "44"]
[EventDate "2014.09.04"]
[EventType "swiss"]
[EventRounds "7"]
[EventCountry "GER"]
[SourceTitle "CBM 162 Extra"]
[Source "ChessBase"]
[SourceDate "2014.10.17"]
[SourceVersion "1"]
[SourceVersionDate "2014.10.17"]
[SourceQuality "1"]

1. e4 g6 2. d4 Bg7 3. Nc3 d6 4. f4 e6 5. Nf3 Ne7 6. Bd3 a6 7. 0-0 0-0 8. Qe1 b6 9. Kh1 c5 10. dxc5 bxc5 11. Be3 Qc7 12. Qf2 Nd7 13. f5 exf5 14. exf5 Nf6 15. Qh4 Bxf5 16. Bg5 Bxd3 17. cxd3 Nf5 18. Qf4 Nh5 19. Qc4 h6 20. g4 hxg5 21. gxf5 Qb7 22. Nd5 g4 0-1

[Event "Mittelfranken-chTB1 1314"]
[Site "Mittelfranken"]
[Date "2014.01.12"]
[Round "4.6"]
[White "Kittsteiner, Peter"]
[Black "Lais, Thomas"]
[Result "0-1"]
[WhiteElo "1857"]
[BlackElo "1911"]
[PlyCount "64"]
[EventDate "2013.10.20"]
[EventType "team-tourn"]
[EventRounds "9"]
[EventCountry "GER"]
[SourceTitle "EXT 2020"]
[Source "ChessBase"]
[SourceDate "2019.10.17"]
[SourceVersion "1"]
[SourceVersionDate "2019.10.17"]
[SourceQuality "1"]
[WhiteTeam "Buechenbach/Roth II"]
[BlackTeam "Nuernberg Sued SW III"]
[WhiteTeamCountry "GER"]
[BlackTeamCountry "GER"]

1. e4 c5 2. c3 Nf6 3. e5 Nd5 4. d4 cxd4 5. cxd4 d6 6. exd6 Qxd6 7. Nc3 Nc6 8. Nf3 g6 9. Be2 Bg7 10. h3 0-0 11. 0-0 a6 12. Be3 Bf5 13. Qd2 Rfd8 14. Rfd1 Rac8 15. Bd3 Nxe3 16. fxe3 Bxd3 17. Qxd3 b5 18. Rac1 f5 19. Ne2 Bh6 20. Kf2 Kg7 21. h4 Nb4 22. Qb3 Nd5 23. Rd3 Rxc1 24. Nxc1 Nf6 25. Ne5 Ng4+ 26. Nxg4 fxg4 27. Qd1 Rf8+ 28. Kg1 Qg3 29. Qd2 Qxh4 30. Ne2 g3 31. Nf4 Bxf4 32. exf4 Rxf4 0-1

[Event "Forchheim op-B 12th"]
[Site "Forchheim"]
[Date "2013.09.29"]
[Round "4"]
[White "Hofmann, Marko"]
[Black "Lais, Thomas"]
[Result "0-1"]
[WhiteElo "1754"]
[BlackElo "1954"]
[PlyCount "49"]
[EventDate "2013.09.27"]
[EventType "swiss"]
[EventRounds "5"]
[EventCountry "GER"]
[SourceTitle "EXT 2019"]
[Source "ChessBase"]
[SourceDate "2018.10.10"]
[SourceVersion "1"]
[SourceVersionDate "2018.10.10"]
[SourceQuality "1"]

1. d4 Nf6 2. Nc3 d5 3. e4 dxe4 4. f3 exf3 5. Nxf3 Bf5 6. Bd3 Bg6 7. Bg5 e6 8. Bxg6 hxg6 9. Qe2 c6 10. 0-0-0 Be7 11. Rhe1 Nbd7 12. h4 Nb6 13. Ne5 Nbd5 14. Nxf7 Kxf7 15. Qxe6+ Kf8 16. Ne4 Nxe4 17. Rxe4 Bxg5+ 18. hxg5 Qxg5+ 19. Kb1 Qf5 20. Qd6+ Kf7 21. Re5 Qf6 22. Qd7+ Kf8 23. Qxb7 Rd8 24. Rde1 Rh5 25. Re6 0-1

[Event "Forchheim op-B 12th"]
[Site "Forchheim"]
[Date "2013.09.28"]
[Round "2"]
[White "Wagner, Robert"]
[Black "Lais, Thomas"]
[Result "1/2-1/2"]
[WhiteElo "1834"]
[BlackElo "1954"]
[PlyCount "38"]
[EventDate "2013.09.27"]
[EventType "swiss"]
[EventRounds "5"]
[EventCountry "GER"]
[SourceTitle "EXT 2019"]
[Source "ChessBase"]
[SourceDate "2018.10.10"]
[SourceVersion "1"]
[SourceVersionDate "2018.10.10"]
[SourceQuality "1"]

1. d4 Nf6 2. c4 g6 3. Nc3 d5 4. cxd5 Nxd5 5. e4 Nxc3 6. bxc3 Bg7 7. Bc4 c5 8. Ne2 0-0 9. 0-0 Nc6 10. Be3 Bd7 11. Rb1 a6 12. dxc5 Ne5 13. Bd5 Bc6 14. Bxc6 bxc6 15. Qxd8 Rfxd8 16. Bd4 Nc4 17. Bxg7 Kxg7 18. Rb7 Nd2 19. Re1 e5 1/2-1/2

[Event "Mittelfranken-ch qual"]
[Site "Wachendorf"]
[Date "2013.03.27"]
[Round "2.2"]
[White "Hummel, Hannes"]
[Black "Lais, Thomas"]
[Result "0-1"]
[WhiteElo "764"]
[BlackElo "1959"]
[PlyCount "80"]
[EventDate "2013.03.27"]
[EventType "swiss"]
[EventRounds "7"]
[EventCountry "GER"]
[SourceTitle "EXT 2022"]
[Source "ChessBase"]
[SourceDate "2021.10.06"]
[SourceVersion "1"]
[SourceVersionDate "2021.10.06"]
[SourceQuality "1"]

1. e4 c5 2. Nc3 d6 3. d3 Nc6 4. Nf3 g6 5. Bf4 Bg7 6. Bd2 e6 7. Be2 Nge7 8. 0-0 0-0 9. h3 Nd4 10. Nxd4 cxd4 11. Nb5 Qb6 12. c4 a6 13. Na3 Qxb2 14. Nc2 Qb6 15. Rb1 Qc7 16. Nb4 Bd7 17. Qc1 Rfc8 18. Bg5 f6 19. Bh6 a5 20. Nc2 e5 21. Bxg7 Kxg7 22. Na3 Rab8 23. Nb5 Qc5 24. Na3 Rc7 25. Qc2 Qxa3 26. Rb3 Qc5 27. Rfb1 Ba4 28. R1b2 b5 29. Kf1 Bxb3 30. Rxb3 Rcb7 31. Kg1 bxc4 32. Rxb7 Rxb7 33. dxc4 Qb4 34. f3 Qb1+ 35. Qxb1 Rxb1+ 36. Kf2 Rb2 37. a3 d3 38. Ke3 dxe2 39. Kd3 e1Q 40. a4 Qd2# 0-1

[Event "Mittelfranken-ch qual"]
[Site "Wachendorf"]
[Date "2013.03.27"]
[Round "3.1"]
[White "Lais, Thomas"]
[Black "Walch, Roger"]
[Result "1-0"]
[WhiteElo "1959"]
[BlackElo "1749"]
[PlyCount "79"]
[EventDate "2013.03.27"]
[EventType "swiss"]
[EventRounds "7"]
[EventCountry "GER"]
[SourceTitle "EXT 2022"]
[Source "ChessBase"]
[SourceDate "2021.10.06"]
[SourceVersion "1"]
[SourceVersionDate "2021.10.06"]
[SourceQuality "1"]

1. e4 e6 2. d4 d5 3. Nc3 Nf6 4. Bg5 Be7 5. e5 Nfd7 6. h4 c5 7. Bxe7 Qxe7 8. Nb5 Kd8 9. Qg4 f6 10. f4 Nc6 11. Nf3 a6 12. Na3 cxd4 13. 0-0-0 fxe5 14. fxe5 Rf8 15. Qg3 b5 16. Bd3 Nb4 17. Nxd4 Nc5 18. Kb1 Bd7 19. Bxh7 Rc8 20. c3 Nc6 21. Nac2 Na4 22. Nxc6+ Bxc6 23. Nd4 Bd7 24. Bc2 Nb6 25. Bb3 a5 26. Rhf1 Kc7 27. Qg5 Qxg5 28. hxg5 a4 29. Bc2 Nc4 30. Rfe1 Rf2 31. Re2 Rcf8 32. Bd3 Rxe2 33. Bxe2 Rf2 34. Bxc4 bxc4 35. Rg1 Kd8 36. a3 Ke7 37. Kc1 Kf7 38. Nf3 Kg6 39. Rd1 Rxg2 40. Nh4+ 1-0